[Event "FIDE Online Olympiad"]
[Site "Chess.com"]
[Date "2020.07.31"]
[EventDate "2020.07.31"]
[Round "1"]
[Result "1-0"]
[White "Robert Mcligeyo"]
[Black "Abdul Zahirul Zazali"]
[WhiteElo "1408"]
[BlackElo "1695"]
[PlyCount "79"]

1. d4 Nf6 2. c4 e6 3. Nf3 d5 4. Nc3 c6 5. Bg5 Nbd7 6. e3 Be7
7. Qc2 h6 8. Bh4 O-O 9. Rd1 Re8 10. a3 a5 11. Bd3 dxc4
12. Bxc4 b5 13. Ba2 Bb7 14. O-O Nd5 15. Bxe7 Nxe7 16. Bb1 Ng6
17. Ne4 Nf6 18. Nc5 Qb6 19. Nxb7 Qxb7 20. Ne5 Nxe5 21. dxe5
Nh5 22. g4 f5 23. gxh5 Qe7 24. Qxc6 Rac8 25. Qf3 b4 26. axb4
Qxb4 27. Qe2 Kh8 28. Kh1 Qb7+ 29. f3 Qf7 30. f4 Qb7+ 31. Qg2
Qa7 32. Rg1 Re7 33. Rd3 Qc5 34. Rgd1 Rce8 35. R3d2 Qxe3
36. Rd4 Rc7 37. Rd8 Rce7 38. Qc6 Kh7 39. Bxf5+ exf5 40. Qg6+
1-0

[Event "FIDE Online Olympiad"]
[Site "Chess.com"]
[Date "2020.07.31"]
[EventDate "2020.07.31"]
[Round "1"]
[Result "1-0"]
[White "Thanadon Kulpruethanon"]
[Black "Wynn Zaw Htun"]
[WhiteElo "2190"]
[BlackElo "2477"]
[PlyCount "129"]

1. Nf3 Nf6 2. g3 d5 3. Bg2 c5 4. O-O e6 5. c4 d4 6. e3 Nc6
7. exd4 cxd4 8. d3 Be7 9. a3 a5 10. Bg5 O-O 11. Bxf6 Bxf6
12. Nbd2 e5 13. Rb1 Bf5 14. Ne1 a4 15. Qe2 Re8 16. Nc2 Be7
17. b4 axb3 18. Rxb3 Na5 19. Rb5 Bd6 20. Rfb1 Bd7 21. R5b2 Bc6
22. Nb4 Bxg2 23. Kxg2 Nc6 24. Nd5 Na5 25. Nb4 Bf8 26. Qf3 Re6
27. Ne4 h6 28. g4 Qd7 29. Nd5 Raa6 30. Nb4 Ra8 31. Nd5 Raa6
32. Nb4 Ra7 33. Nd5 Rg6 34. Kf1 Nc6 35. h4 Bxa3 36. h5 Re6
37. Ra2 Be7 38. Rxa7 Nxa7 39. Qf5 g6 40. hxg6 fxg6 41. Rxb7
gxf5 42. Rxd7 fxe4 43. Rxa7 Bc5 44. Ra8+ Kf7 45. dxe4 Rc6
46. Ke2 Rg6 47. Rc8 Bf8 48. Rc7+ Ke8 49. f3 Ra6 50. c5 Ra2+
51. Kd3 Ra3+ 52. Kc4 d3 53. Nf6+ Kd8 54. Rd7+ Kc8 55. Rxd3
Ra4+ 56. Kd5 Ra5 57. Rc3 Kd8 58. Kxe5 Bxc5 59. Ke6 Ra6+
60. Kd5 Bb4 61. Rc6 Ra3 62. f4 Ke7 63. Ke5 Bc3+ 64. Rxc3 Rxc3
65. Nd5+ 1-0

[Event "FIDE Online Olympiad"]
[Site "Chess.com"]
[Date "2020.07.31"]
[EventDate "2020.07.31"]
[Round "1"]
[Result "1-0"]
[White "Tun Nay Oo Kyaw"]
[Black "Tupfah Khumnorkaew"]
[WhiteElo "2406"]
[BlackElo "1888"]
[PlyCount "75"]

1. d4 Nf6 2. Bf4 e6 3. e3 Bd6 4. Bg3 O-O 5. Nd2 Re8 6. Ngf3
Nh5 7. Bxd6 cxd6 8. Nc4 Qc7 9. c3 b5 10. Ncd2 a6 11. a4 bxa4
12. Qxa4 Nf6 13. Be2 Bb7 14. O-O e5 15. Qa5 Qc6 16. Nc4 e4
17. Nfd2 d5 18. Nb6 Ra7 19. Rfc1 Qe6 20. Na4 Nc6 21. Nc5 Qf5
22. Qc7 Bc8 23. Qg3 a5 24. b4 axb4 25. Rxa7 Nxa7 26. cxb4 h5
27. b5 h4 28. Qxh4 d6 29. Na6 Bxa6 30. bxa6 Rb8 31. Nf1 Qd7
32. Ng3 Rb2 33. h3 Nc6 34. Ra1 Qa7 35. Bf1 Nb4 36. Nf5 Ne8
37. Qd8 Kf8 38. Nxd6 1-0

[Event "FIDE Online Olympiad"]
[Site "Chess.com"]
[Date "2020.07.31"]
[EventDate "2020.07.31"]
[Round "1"]
[Result "1-0"]
[White "Prin Laohawirapap"]
[Black "Han Thiha Sai"]
[WhiteElo "1834"]
[BlackElo "1768"]
[PlyCount "49"]

1. e4 c5 2. Nc3 a6 3. g3 b5 4. Bg2 Bb7 5. d3 e6 6. Nh3 Nf6
7. O-O d5 8. e5 Nfd7 9. f4 Be7 10. f5 b4 11. fxe6 bxc3
12. exf7+ Kf8 13. Nf4 Qb6 14. Qg4 Bf6 15. exf6 Nxf6 16. Ne6+
Kxf7 17. Qxg7+ Ke8 18. Qxh8+ Kd7 19. Qg7+ Kc6 20. Rxf6 Nd7
21. Nd4+ Kc7 22. Bf4+ Kd8 23. Rxb6 Nxb6 24. Bc7+ Ke8 25. Re1#
1-0

[Event "FIDE Online Olympiad"]
[Site "Chess.com"]
[Date "2020.07.31"]
[EventDate "2020.07.31"]
[Round "1"]
[Result "1-0"]
[White "Raymond Song"]
[Black "Yu Dong Michael Deng"]
[WhiteElo "2254"]
[BlackElo "1749"]
[PlyCount "79"]

1. d4 d5 2. c4 e6 3. Nf3 Nf6 4. g3 Bb4+ 5. Bd2 Bd6 6. Nc3 c6
7. Bg5 Nbd7 8. e4 dxe4 9. Nxe4 Be7 10. Nc3 O-O 11. Bg2 c5
12. O-O h6 13. Bf4 cxd4 14. Nb5 Nb6 15. Bc7 Qe8 16. Bxb6 axb6
17. Nc7 Qa4 18. b3 Qa5 19. Nxa8 Qxa8 20. Qxd4 Bc5 21. Qd3 Bd7
22. Ne5 Bc6 23. Nxc6 bxc6 24. Rad1 e5 25. Qe2 Bd4 26. Rd2 Rc8
27. Kh1 Qa5 28. f4 Bc3 29. fxe5 Bxd2 30. exf6 g6 31. Qg4 Rf8
32. Bxc6 Qxa2 33. Bd5 Qc2 34. Be4 h5 35. Qxg6+ fxg6 36. Bxc2
Kf7 37. Be4 Re8 38. Bd5+ Kf8 39. f7 Re3 40. Rf6 1-0

[Event "FIDE Online Olympiad"]
[Site "Chess.com"]
[Date "2020.07.31"]
[EventDate "2020.07.31"]
[Round "1"]
[Result "1-0"]
[White "Lut Yin Luke Lau"]
[Black "Yeh Yang Liu"]
[WhiteElo "1944"]
[BlackElo "2004"]
[PlyCount "145"]

1. e4 c5 2. Nf3 d6 3. d4 cxd4 4. Nxd4 Nf6 5. Nc3 a6 6. h3 e5
7. Nde2 h6 8. g4 Be6 9. Bg2 Nc6 10. Be3 Be7 11. Nd5 Bxd5
12. exd5 Na5 13. b3 b5 14. Ng3 g6 15. a4 Nb7 16. O-O h5
17. gxh5 Nxh5 18. Nxh5 Rxh5 19. axb5 axb5 20. Qd3 Kf8 21. Qxb5
Qc8 22. Qc6 f5 23. Ra7 f4 24. Rxb7 fxe3 25. fxe3+ Rf5
26. Qxc8+ Rxc8 27. Be4 Rxf1+ 28. Kxf1 g5 29. Kg2 Rc3 30. Kf3
Kf7 31. b4 Kf6 32. b5 Rc4 33. b6 Rb4 34. c3 Rb2 35. Rb8 Kf7
36. c4 Rb4 37. Bd3 Rb3 38. Ke4 Kf6 39. Be2 Rb4 40. Kf3 Rb3
41. b7 Rb4 42. Ke4 Rb3 43. Bg4 Rb4 44. Kd3 e4+ 45. Kc3 Rb1
46. Kd4 Rb4 47. Be2 Kf5 48. Bg4+ Kf6 49. Kc3 Rb1 50. Bd1 Rb6
51. Bc2 Kf5 52. c5 dxc5 53. Kc4 Rb4+ 54. Kc3 Bf6+ 55. Kd2 Be7
56. Re8 Rxb7 57. Bxe4+ Kxe4 58. d6 Kd5 59. Rxe7 Rb2+ 60. Kc3
Rb8 61. d7 Rd8 62. Rg7 Kd6 63. Kc4 Rh8 64. e4 Kc7 65. Kxc5
Rxh3 66. e5 Rd3 67. e6 Kd8 68. Rg8+ Ke7 69. Re8+ Kf6 70. d8=Q+
Rxd8 71. Rxd8 Kxe6 72. Kd4 Kf5 73. Ke3 1-0

[Event "FIDE Online Olympiad"]
[Site "Chess.com"]
[Date "2020.07.31"]
[EventDate "2020.07.31"]
[Round "1"]
[Result "1-0"]
[White "Ze Jun Lin"]
[Black "Chi Chen"]
[WhiteElo "1677"]
[BlackElo "1353"]
[PlyCount "117"]

1. e4 e6 2. d4 d5 3. Nd2 Be7 4. Ngf3 Nf6 5. Bd3 dxe4 6. Nxe4
Nbd7 7. O-O Nxe4 8. Bxe4 Nf6 9. Bd3 O-O 10. c3 b6 11. Qe2 c5
12. Bf4 Bb7 13. dxc5 Bxc5 14. Rad1 Qc8 15. Ne5 Nd5 16. Bg3 Nf6
17. Rfe1 Rd8 18. Bh4 Be7 19. Bxh7+ Kxh7 20. Bxf6 Bxf6 21. Qh5+
Kg8 22. Qxf7+ Kh8 23. Ng6+ Kh7 24. Rxd8 Qxd8 25. Qxb7 Kxg6
26. Qe4+ Kf7 27. Qxe6+ Kf8 28. g3 Qe7 29. Qxe7+ Bxe7 30. Rd1
Ke8 31. Kg2 a6 32. Rd5 Rd8 33. Rxd8+ Bxd8 34. h4 Kf7 35. f4
Ke6 36. Kf3 Bf6 37. h5 Kf5 38. g4+ Ke6 39. g5 Be7 40. Ke4 Kf7
41. Kf5 Bd8 42. b3 a5 43. a4 Bc7 44. b4 axb4 45. cxb4 Bd6
46. a5 bxa5 47. bxa5 Bc7 48. a6 Bb8 49. g6+ Ke7 50. Kg5 Kf8
51. f5 Kg8 52. h6 Kh8 53. f6 gxf6+ 54. Kxf6 Kg8 55. h7+ Kh8
56. g7+ Kxh7 57. Kf7 Be5 58. g8=Q+ Kh6 59. Qg6# 1-0

[Event "FIDE Online Olympiad"]
[Site "Chess.com"]
[Date "2020.07.31"]
[EventDate "2020.07.31"]
[Round "1"]
[Result "1-0"]
[White "Eunice Feng"]
[Black "Sophie Yi-Hsuan Tsai"]
[WhiteElo "1306"]
[BlackElo "1155"]
[PlyCount "99"]

1. e4 c5 2. Nf3 g6 3. d4 cxd4 4. Nxd4 Bg7 5. Nc3 Nc6 6. Be3
Nf6 7. Bc4 O-O 8. Bb3 a6 9. f3 e6 10. Qd2 b5 11. O-O-O Bb7
12. g4 Na5 13. h4 Nxb3+ 14. Nxb3 d5 15. g5 Nh5 16. exd5 Bxc3
17. Qxc3 Bxd5 18. Bc5 Re8 19. Qe5 f6 20. Qe3 Qc7 21. gxf6 Nxf6
22. Bd4 Rac8 23. Rd2 Qf7 24. Qe5 Rf8 25. h5 Kg7 26. hxg6 hxg6
27. Rdh2 Rh8 28. Rxh8 Rxh8 29. Qxf6+ Qxf6 30. Bxf6+ Kxf6
31. Rxh8 Ke5 32. Rg8 Bxf3 33. Rxg6 Kf5 34. Rg8 e5 35. Kd2 e4
36. Nd4+ Kf4 37. Nxf3 exf3 38. Rf8+ Kg3 39. Ke3 f2 40. Rxf2 a5
41. Rf5 b4 42. Rg5+ Kh4 43. Kf4 a4 44. Rg8 Kh5 45. b3 a3
46. Rg1 Kh6 47. Kf5 Kh7 48. Kf6 Kh8 49. Kf7 Kh7 50. Rh1# 1-0

[Event "FIDE Online Olympiad"]
[Site "Chess.com"]
[Date "2020.07.31"]
[EventDate "2020.07.31"]
[Round "2"]
[Result "1-0"]
[White "Ze Jun Lin"]
[Black "Shareef Aishath Alya Mohamed"]
[WhiteElo "1677"]
[BlackElo "1098"]
[PlyCount "79"]

1. e4 e6 2. d4 d5 3. Nd2 dxe4 4. Nxe4 Bd7 5. Nf3 Bc6 6. Bd3
Nd7 7. c3 Ngf6 8. Nxf6+ Nxf6 9. O-O Bd6 10. Bg5 h6 11. Bh4 O-O
12. Re1 Re8 13. Qe2 Be7 14. Ne5 Qd5 15. f3 Qd6 16. Rad1 b6
17. Nxc6 Rf8 18. Nxe7+ Qxe7 19. Bxf6 Qxf6 20. Qe4 g6 21. Qe5
Qxe5 22. Rxe5 Rad8 23. b4 Rfe8 24. a4 Re7 25. a5 Rb8 26. a6 c6
27. b5 Rc7 28. c4 Rbc8 29. c5 bxc5 30. Rxc5 cxb5 31. Rxb5 Rd7
32. Be4 Kf8 33. Rb7 Rxb7 34. axb7 Rb8 35. Rc1 Ke7 36. Rc8 Rxc8
37. bxc8=Q Kf6 38. f4 h5 39. Bxg6 fxg6 40. Qf8# 1-0

[Event "FIDE Online Olympiad"]
[Site "Chess.com"]
[Date "2020.07.31"]
[EventDate "2020.07.31"]
[Round "2"]
[Result "1-0"]
[White "Eunice Feng"]
[Black "Mariyam Laisa Abdul Rasheed"]
[WhiteElo "1306"]
[BlackElo "1180"]
[PlyCount "87"]

1. e4 c5 2. Nf3 Nc6 3. d4 cxd4 4. Nxd4 Nf6 5. Nc3 g6 6. Be3
Bg7 7. Bc4 Qa5 8. O-O O-O 9. Bb3 d6 10. f3 Bd7 11. Qd2 Nxd4
12. Bxd4 Qb4 13. Rad1 e6 14. Kh1 Rfc8 15. Bxf6 Bxf6 16. Nd5
Qxd2 17. Nxf6+ Kg7 18. Rxd2 Kxf6 19. Rxd6 Ke7 20. Rfd1 Rd8
21. e5 Rac8 22. Kg1 Bb5 23. Rxd8 Rxd8 24. Rxd8 Kxd8 25. Kf2
Kd7 26. Ke3 Kc6 27. Kf4 Kc5 28. c3 a5 29. Kg5 a4 30. Bc2 Bc4
31. Bxa4 Bxa2 32. Kf6 b5 33. Bc2 Kc4 34. Kxf7 Bb3 35. Bxb3+
Kxb3 36. Kxe6 Kxb2 37. Kd5 Kxc3 38. e6 b4 39. e7 b3 40. e8=Q
Kc2 41. Kc4 b2 42. Qe2+ Kb1 43. Kc3 Ka1 44. Qxb2# 1-0

[Event "FIDE Online Olympiad"]
[Site "Chess.com"]
[Date "2020.07.31"]
[EventDate "2020.07.31"]
[Round "2"]
[Result "1-0"]
[White "Wynn Zaw Htun"]
[Black "Raymond Song"]
[WhiteElo "2477"]
[BlackElo "2254"]
[PlyCount "103"]

1. Nf3 d5 2. e3 Nf6 3. c4 e6 4. Nc3 a6 5. d4 dxc4 6. Bxc4 b5
7. Bd3 Bb7 8. O-O Nbd7 9. b3 c5 10. Bb2 Be7 11. Rc1 O-O
12. Qe2 Qb6 13. Bb1 Rfd8 14. Rfd1 Rac8 15. h3 h6 16. dxc5 Nxc5
17. Ne5 b4 18. Rxd8+ Rxd8 19. Nd1 Nce4 20. Nc4 Qb5 21. f3 Ng3
22. Qe1 Nf5 23. Nf2 Nh7 24. Bd3 Qe8 25. Na5 Ba8 26. Bxa6 Ng5
27. e4 Nh4 28. Be2 Ng6 29. Nd3 f5 30. exf5 exf5 31. Qf2 Bd6
32. Re1 Qd7 33. Nc4 Bb8 34. h4 Ba7 35. Nc5 Qc6 36. hxg5 Bxc5
37. Ne3 f4 38. Bc4+ Kh7 39. gxh6 fxe3 40. Qg3 gxh6 41. Qg4 Qd7
42. Be6 Qd2 43. Bf5 Qxe1+ 44. Kh2 Bd6+ 45. f4 Bxf4+ 46. Qxf4
Rd6 47. Bxg6+ Kxg6 48. Qxd6+ Kf7 49. Qd7+ Kg6 50. Qe6+ Kh5
51. Qf5+ Kh4 52. Bf6# 1-0

[Event "FIDE Online Olympiad"]
[Site "Chess.com"]
[Date "2020.07.31"]
[EventDate "2020.07.31"]
[Round "2"]
[Result "1-0"]
[White "Hsu Lwin May"]
[Black "Ching-An Shih"]
[WhiteElo "1987"]
[BlackElo "1680"]
[PlyCount "157"]

1. d4 d5 2. c4 c6 3. Nc3 Nf6 4. Nf3 e6 5. Bg5 Be7 6. e3 Nbd7
7. a3 h6 8. Bh4 O-O 9. Rc1 dxc4 10. Bxc4 b5 11. Bd3 Bb7
12. O-O a6 13. Qe2 Rc8 14. Rfd1 Qe8 15. Bb1 c5 16. h3 g6
17. e4 cxd4 18. Nxd4 Kg7 19. Bg3 Nh5 20. Bh2 Bg5 21. Rc2 Nf4
22. Bxf4 Bxf4 23. g3 Bg5 24. f4 Be7 25. e5 Bc5 26. Kh2 Nb6
27. Ne4 Bxe4 28. Qxe4 Nd5 29. Ba2 Bxd4 30. Bxd5 Rxc2+ 31. Qxc2
Bxe5 32. Bc6 Qb8 33. fxe5 Qxe5 34. Bb7 a5 35. Qc3 Qxc3
36. bxc3 Rb8 37. Bf3 Rc8 38. Rd3 Kf6 39. Kg2 h5 40. Kf2 Kf5
41. Ke3 f6 42. Kd2 Rc4 43. Rd4 Rc5 44. Kd3 Ke5 45. Re4+ Kf5
46. g4+ Kg5 47. Rxe6 hxg4 48. hxg4 f5 49. gxf5 gxf5 50. Ra6 a4
51. Rd6 Kf4 52. Bh1 Kg3 53. Rd5 Rc7 54. Rxf5 b4 55. cxb4 Rd7+
56. Kc3 Rd1 57. Bd5 Rc1+ 58. Kb2 Re1 59. Bc6 Re2+ 60. Kb1 Re1+
61. Kc2 Re2+ 62. Kd3 Ra2 63. Rf3+ Kg4 64. Kc4 Rc2+ 65. Kb5 Kg5
66. Rd3 Kf6 67. Rd5 Ke7 68. Rc5 Rh2 69. Kxa4 Kd6 70. Rc3 Rh5
71. b5 Rh4+ 72. Ka5 Kc7 73. b6+ Kb8 74. Rg3 Rh5+ 75. Ka6 Rh8
76. Rg7 Rd8 77. Rb7+ Kc8 78. Ra7 Rd7 79. Ra8# 1-0

[Event "FIDE Online Olympiad"]
[Site "Chess.com"]
[Date "2020.07.31"]
[EventDate "2020.07.31"]
[Round "2"]
[Result "1-0"]
[White "Chi Chen"]
[Black "Laet Nandar Su"]
[WhiteElo "1353"]
[BlackElo "1552"]
[PlyCount "63"]

1. d4 f5 2. Nf3 e6 3. c4 Nf6 4. b3 Be7 5. e3 b6 6. Be2 Bb7
7. O-O O-O 8. Bb2 d6 9. Nc3 a5 10. Ng5 Qd7 11. d5 e5 12. Ne6
Rc8 13. f4 e4 14. g4 g6 15. gxf5 gxf5 16. Kf2 Kh8 17. Rg1 Na6
18. Bh5 Nc5 19. Nxc5 bxc5 20. Bf7 Ng4+ 21. Rxg4 fxg4 22. Be6
Qd8 23. Nxe4+ Bf6 24. Bxf6+ Qxf6 25. Nxf6 Rf8 26. Nxg4 Bc8
27. Bxc8 Raxc8 28. Qd3 Rf7 29. Rg1 Rg8 30. Nh6 Rxg1 31. Nxf7+
Kg8 32. Kxg1 1-0

[Event "FIDE Online Olympiad"]
[Site "Chess.com"]
[Date "2020.07.31"]
[EventDate "2020.07.31"]
[Round "2"]
[Result "1-0"]
[White "Sophie Yi-Hsuan Tsai"]
[Black "Thu Aung Moe"]
[WhiteElo "1155"]
[BlackElo "1164"]
[PlyCount "53"]

1. e4 e5 2. Nf3 Nc6 3. Bc4 Bc5 4. c3 Nf6 5. d4 exd4 6. cxd4
Bb4+ 7. Bd2 Bxd2+ 8. Nbxd2 O-O 9. d5 Nb4 10. a3 Na6 11. O-O c6
12. d6 b5 13. Ba2 Nc5 14. e5 Nfe4 15. b4 Nc3 16. Qc2 Ne2+
17. Kh1 Ne6 18. Bb1 g6 19. Ne4 N2d4 20. Nxd4 Nxd4 21. Qd3 Qb6
22. Nf6+ Kh8 23. Qh3 h5 24. Nxh5 Nf5 25. Nf6+ Nh4 26. Qxh4+
Kg7 27. Qh7# 1-0

[Event "FIDE Online Olympiad"]
[Site "Chess.com"]
[Date "2020.07.31"]
[EventDate "2020.07.31"]
[Round "2"]
[Result "1-0"]
[White "Tupfah Khumnorkaew"]
[Black "Shawal Sharikhan"]
[WhiteElo "1888"]
[BlackElo "1793"]
[PlyCount "33"]

1. d4 Nf6 2. c4 g6 3. Nc3 Bg7 4. e4 d6 5. Be2 O-O 6. Bg5 h6
7. Be3 Nbd7 8. Qd2 Kh7 9. g4 e5 10. d5 Nc5 11. f3 a5 12. h4
Ne8 13. h5 g5 14. Nh3 f6 15. b3 c6 16. dxc6 bxc6 17. Bxc5 1-0

[Event "FIDE Online Olympiad"]
[Site "Chess.com"]
[Date "2020.07.31"]
[EventDate "2020.07.31"]
[Round "2"]
[Result "1-0"]
[White "Sarocha Chuemsakul"]
[Black "Nur Zahira Zazali"]
[WhiteElo "1694"]
[BlackElo "1501"]
[PlyCount "84"]

1. c4 c5 2. Nc3 Nc6 3. d3 d6 4. g3 g6 5. Bg2 Bg7 6. e4 Nf6
7. Nge2 O-O 8. O-O Bg4 9. f3 Bd7 10. Be3 e5 11. h3 Nd4 12. Kh2
Qc8 13. f4 Bh6 14. fxe5 Ng4+ 15. hxg4 Bxe3 16. Nd5 Bxg4
17. Ne7+ Kh8 18. Nxc8 Bxe2 19. Qxe2 Nxe2 20. Nxd6 Nd4
21. Nxf7+ Kg7 22. Nd6 b6 23. Rae1 Bg5 24. e6 Nxe6 25. e5 Rad8
26. Bd5 Nd4 27. Ne4 Rxf1 28. Rxf1 Be7 29. Rf7+ Kh6 30. Rxe7 a6
31. g4 b5 32. Kh3 Nf3 33. g5+ Nxg5+ 34. Nxg5 Kxg5 35. Rxh7
bxc4 36. dxc4 Rb8 37. b3 a5 38. e6 Kf6 39. Rf7+ Ke5 40. e7
Rh8+ 41. Kg2 Kd6 42. Rf8 Kxe7 1-0

[Event "FIDE Online Olympiad"]
[Site "Chess.com"]
[Date "2020.07.31"]
[EventDate "2020.07.31"]
[Round "2"]
[Result "1-0"]
[White "Sasha Mongeli"]
[Black "Zahabiyah Ebrahim"]
[WhiteElo "1599"]
[BlackElo "1134"]
[PlyCount "59"]

1. e4 c6 2. d4 d5 3. Nc3 dxe4 4. Nxe4 Nf6 5. Nxf6+ exf6 6. Nf3
Bd6 7. Bd3 O-O 8. O-O Re8 9. Re1 Be6 10. c3 Nd7 11. Qc2 Nf8
12. Be3 Qc7 13. h3 Qd7 14. Bf1 Rac8 15. Rac1 Ng6 16. Qd2 Qc7
17. Rcd1 Rcd8 18. Qc2 Nf4 19. Bxf4 Bxf4 20. Bd3 f5 21. Bxf5
Bxf5 22. Qxf5 b5 23. Re4 Bd6 24. Rde1 Re7 25. Rxe7 Bxe7
26. Qe4 Re8 27. Ng5 g6 28. Qf3 f5 29. Ne6 Qc8 30. Nf4 1-0

[Event "FIDE Online Olympiad"]
[Site "Chess.com"]
[Date "2020.07.31"]
[EventDate "2020.07.31"]
[Round "2"]
[Result "1-0"]
[White "Cleophas Charles"]
[Black "Robert Mcligeyo"]
[WhiteElo "1579"]
[BlackElo "1408"]
[PlyCount "85"]

1. e4 c5 2. Nf3 d6 3. Bc4 Nf6 4. d3 e6 5. Bg5 Be7 6. O-O O-O
7. Nbd2 Nc6 8. a3 a6 9. Re1 e5 10. Nf1 b5 11. Ba2 Bb7 12. Ng3
h6 13. Bxf6 Bxf6 14. h3 Nd4 15. Nxd4 cxd4 16. Nf5 d5 17. Qg4
Kh8 18. f3 dxe4 19. fxe4 Rc8 20. Re2 Rc7 21. Rf1 Bc8 22. Qh5
Bg5 23. Ng3 Bf4 24. Qf3 Qg5 25. Nf5 Bxf5 26. exf5 Qxf5 27. g3
Be3+ 28. Rxe3 Qxh3 29. Re2 Qc8 30. Bb3 a5 31. a4 b4 32. Rxe5
Rc5 33. Rxc5 Qxc5 34. Qd5 Qc7 35. Kg2 Rd8 36. Qxf7 Qc6+
37. Qf3 Qd6 38. Re1 Rf8 39. Qd5 Qf6 40. Qe4 Qf2+ 41. Kh3 Qf3
42. Qxf3 Rxf3 43. Re5 1-0

[Event "FIDE Online Olympiad"]
[Site "Chess.com"]
[Date "2020.07.31"]
[EventDate "2020.07.31"]
[Round "2"]
[Result "1-0"]
[White "Ayyad Husain Abdulgalil Saleh"]
[Black "Bibek Thing"]
[WhiteElo "2249"]
[BlackElo "2081"]
[PlyCount "53"]

1. e4 c5 2. Nf3 d6 3. d4 cxd4 4. Qxd4 a6 5. h3 Nc6 6. Qe3 Nf6
7. Be2 e6 8. O-O Be7 9. c4 O-O 10. Nc3 Qc7 11. b3 Ne5 12. Nd4
Bd7 13. Bb2 Rac8 14. Kh1 Ng6 15. Rae1 Rfe8 16. Bd3 Bf8 17. Bb1
Qb8 18. f4 e5 19. Nde2 b5 20. fxe5 dxe5 21. Nd5 bxc4 22. Rxf6
gxf6 23. Nxf6+ Kg7 24. Nxd7 Qb4 25. Ng3 c3 26. Nf5+ Kh8
27. Nxf8 1-0

[Event "FIDE Online Olympiad"]
[Site "Chess.com"]
[Date "2020.07.31"]
[EventDate "2020.07.31"]
[Round "2"]
[Result "1-0"]
[White "Rupesh Jaiswal"]
[Black "Ali Al-Ghasra"]
[WhiteElo "2020"]
[BlackElo "2003"]
[PlyCount "131"]

1. d4 Nf6 2. Bf4 e6 3. e3 c5 4. c3 d5 5. Nd2 Qb6 6. Qb3 c4
7. Qc2 Bd6 8. Bg3 Qc7 9. Ngf3 Nc6 10. e4 Bxg3 11. hxg3 h6
12. Be2 b5 13. a3 Bb7 14. e5 Ng8 15. g4 Nge7 16. Nh4 O-O-O
17. a4 b4 18. b3 cxb3 19. Nxb3 Kb8 20. cxb4 Nxb4 21. Qxc7+
Kxc7 22. Rc1+ Nec6 23. Nf3 Kb8 24. Kd2 Rc8 25. Rc5 Na6 26. Rc3
Ncb4 27. Rhc1 Na2 28. Rxc8+ Rxc8 29. Rxc8+ Kxc8 30. g5 N2b4
31. gxh6 gxh6 32. Ne1 Bc6 33. Bb5 Kc7 34. Kc3 Kb6 35. Bxc6
Nxc6 36. f4 Na5 37. Nd2 Nc6 38. Nd3 Ka5 39. Nb2 Nab4 40. Nb3+
Kb6 41. g4 Na2+ 42. Kd3 Ncb4+ 43. Kd2 Nc6 44. f5 Nab4 45. Nd3
Nxd3 46. Kxd3 Nb4+ 47. Kc3 Nc6 48. Kd3 Na5 49. fxe6 fxe6
50. Nc5 Nc4 51. Nxe6 Nb2+ 52. Kc2 Nxa4 53. Kb3 Ka5 54. Nc7 Nb6
55. e6 Nc8 56. Nxd5 Kb5 57. e7 Nd6 58. Nf6 Kc6 59. e8=Q+ Nxe8
60. Nxe8 Kd5 61. Kc3 a5 62. Nf6+ Ke6 63. Ng8 a4 64. Nxh6 a3
65. Kb3 Kd5 66. Nf5 1-0

[Event "FIDE Online Olympiad"]
[Site "Chess.com"]
[Date "2020.07.31"]
[EventDate "2020.07.31"]
[Round "2"]
[Result "1-0"]
[White "Anisha Neupane"]
[Black "Halima Hammadi"]
[WhiteElo "1471"]
[BlackElo "1181"]
[PlyCount "113"]

1. e4 e5 2. Nf3 Nc6 3. d4 d6 4. dxe5 dxe5 5. Qxd8+ Nxd8
6. Nxe5 Bd6 7. Nf3 Nc6 8. Nc3 Bb4 9. Bd3 Nge7 10. Bd2 O-O
11. O-O-O h6 12. a3 Bxc3 13. Bxc3 a6 14. Rhe1 b5 15. Kb1 Rb8
16. Nd4 Nxd4 17. Bxd4 Nc6 18. Bc5 Re8 19. Re3 a5 20. c3 Re5
21. Bd4 Re7 22. Rg3 g6 23. f4 b4 24. axb4 axb4 25. Bc5 Re8
26. cxb4 Nxb4 27. Bxb4 Rxb4 28. f5 Kf8 29. fxg6 fxg6 30. Rxg6
h5 31. Rf1+ Ke7 32. Rg7+ Kd8 33. Rc1 Rb7 34. Rd1 c5 35. Bb5+
Bd7 36. Rdxd7+ Rxd7 37. Rxd7+ Kc8 38. Rc7+ Kxc7 39. Bxe8 Kb6
40. Bxh5 c4 41. g4 Kb5 42. g5 Kb4 43. g6 c3 44. g7 Kc4
45. g8=Q+ Kd3 46. bxc3 Kxc3 47. Qd8 Kb4 48. Qc8 Ka5 49. Kb2
Ka4 50. Be8+ Ka5 51. Qc5+ Ka6 52. Kb3 Kb7 53. Kb4 Ka8 54. Kb5
Kb7 55. Qc6+ Ka7 56. Qb6+ Ka8 57. Bc6# 1-0

[Event "FIDE Online Olympiad"]
[Site "Chess.com"]
[Date "2020.07.31"]
[EventDate "2020.07.31"]
[Round "3"]
[Result "1-0"]
[White "Sujana Lohani"]
[Black "Ahmed Nihaya"]
[WhiteElo "1476"]
[BlackElo "1126"]
[PlyCount "65"]

1. d4 Nf6 2. c4 g6 3. Nf3 Bg7 4. g3 d6 5. Bg2 O-O 6. O-O Re8
7. Nc3 e5 8. dxe5 dxe5 9. Qxd8 Rxd8 10. Nxe5 Ng4 11. Nxg4 Nc6
12. Nh6+ Kf8 13. Bd5 Nb4 14. Bf3 c6 15. Bf4 Be6 16. c5 Nc2
17. Rad1 Nd4 18. Bg4 f5 19. Bh3 b6 20. Bg2 bxc5 21. e3 Nb5
22. Nxb5 Bc4 23. Nc7 Rab8 24. Rfe1 Bxa2 25. Rxd8+ Rxd8 26. Ra1
Bc4 27. Bxc6 Bxb2 28. Rb1 Bg7 29. Rc1 Bb3 30. Rxc5 Rd1+
31. Kg2 Rd2 32. Bd5 Bc2 33. Bd6# 1-0

[Event "FIDE Online Olympiad"]
[Site "Chess.com"]
[Date "2020.07.31"]
[EventDate "2020.07.31"]
[Round "3"]
[Result "1-0"]
[White "Yubraj Paudel"]
[Black "Ahmed Yoosuf Waseem"]
[WhiteElo "1621"]
[BlackElo "1177"]
[PlyCount "73"]

1. d4 d5 2. c4 e6 3. Nf3 Nf6 4. g3 Bd6 5. Bg2 c6 6. O-O O-O
7. Nfd2 Nbd7 8. Nc3 Qe7 9. e4 dxe4 10. Ndxe4 e5 11. Nxd6 Qxd6
12. d5 cxd5 13. cxd5 Nb6 14. Qd3 Be6 15. Rd1 Rad8 16. Bg5 Bg4
17. f3 Bh5 18. Bxf6 Qxf6 19. Ne4 Qh6 20. Qb3 Rd7 21. Rd3 Bg6
22. Rad1 Rfd8 23. R3d2 Bxe4 24. fxe4 Qg6 25. a4 Qd6 26. a5
Qc5+ 27. Kh1 Qxa5 28. Rf2 Qc5 29. Rdf1 f6 30. Bh3 Rd6 31. Be6+
Kf8 32. Rf3 Qc4 33. Qe3 Na8 34. Rxf6+ gxf6 35. Qh6+ Ke7
36. Qg7+ Ke8 37. Qf7# 1-0

[Event "FIDE Online Olympiad"]
[Site "Chess.com"]
[Date "2020.07.31"]
[EventDate "2020.07.31"]
[Round "3"]
[Result "1-0"]
[White "Mariyam Laisa Abdul Rasheed"]
[Black "Anisha Neupane"]
[WhiteElo "1180"]
[BlackElo "1471"]
[PlyCount "57"]

1. e4 c5 2. Nf3 d6 3. d4 cxd4 4. Nxd4 g6 5. Nc3 Bg7 6. Be3 Nf6
7. Qd2 Ng4 8. Bb5+ Bd7 9. Bg5 O-O 10. f3 Ne5 11. O-O-O a6
12. Bxd7 Nbxd7 13. Bh6 Rc8 14. Bxg7 Kxg7 15. h4 Nf6 16. g4 h5
17. gxh5 Nxh5 18. Qg5 e6 19. Rhg1 Qxg5+ 20. hxg5 Nc4 21. Nde2
Rc6 22. f4 b5 23. f5 exf5 24. exf5 gxf5 25. Nd5 Re8 26. Nd4
Rc5 27. Nxf5+ Kf8 28. Rh1 Ng7 29. Rh8# 1-0

[Event "FIDE Online Olympiad"]
[Site "Chess.com"]
[Date "2020.07.31"]
[EventDate "2020.07.31"]
[Round "3"]
[Result "1-0"]
[White "Robert Mcligeyo"]
[Black "Hamad Mosa"]
[WhiteElo "1408"]
[BlackElo "1271"]
[PlyCount "69"]

1. d4 Nf6 2. c4 g6 3. g3 Bg7 4. Bg2 O-O 5. Nf3 c5 6. d5 d6
7. O-O a5 8. Nc3 Na6 9. a3 Bf5 10. Nh4 Bd7 11. e4 Ne8 12. Be3
f5 13. exf5 gxf5 14. Qd2 e5 15. dxe6 Bxe6 16. Nd5 Rb8 17. Bg5
Nf6 18. Rad1 Qe8 19. Bxf6 Bxf6 20. Nxf6+ Rxf6 21. Qg5+ Kf7
22. Rxd6 Rd8 23. Rfd1 Rxd6 24. Rxd6 Qa4 25. Bd5 Qd1+ 26. Kg2
Bxd5+ 27. Rxd5 Qb1 28. Nxf5 Qe4+ 29. Kh3 Qxc4 30. Rd7+ Ke8
31. Re7+ Kd8 32. Qxf6 Qf1+ 33. Kh4 Qc4+ 34. f4 Qg8 35. Rg7+
1-0

[Event "FIDE Online Olympiad"]
[Site "Chess.com"]
[Date "2020.07.31"]
[EventDate "2020.07.31"]
[Round "3"]
[Result "1-0"]
[White "Thanadon Kulpruethanon"]
[Black "Geoffrey Mwanyika"]
[WhiteElo "2190"]
[BlackElo "1716"]
[PlyCount "81"]

1. Nf3 d5 2. g3 Nc6 3. d4 Nf6 4. Bg2 Bf5 5. c4 e6 6. O-O Be7
7. Nc3 O-O 8. cxd5 Nxd5 9. Re1 Nb6 10. h3 g5 11. e4 Bg6 12. d5
exd5 13. exd5 Nb4 14. Ne5 Bf6 15. Nxg6 hxg6 16. a3 Bxc3
17. bxc3 N4xd5 18. c4 Qf6 19. Bd2 Nxc4 20. Bxd5 Nxd2 21. Qxd2
Rad8 22. Qa2 c6 23. Bg2 Rd4 24. Qb2 Rfd8 25. Qxb7 Rd2 26. Qxa7
R8d4 27. Re8+ Kg7 28. Rf1 g4 29. hxg4 Rxg4 30. Qe3 Ra2 31. Qe5
Rxa3 32. Rg8+ Kxg8 33. Qxf6 c5 34. Rd1 Rd4 35. Rxd4 cxd4
36. Qxd4 Ra6 37. Bd5 Kf8 38. Qf4 Ra1+ 39. Kg2 f5 40. Qb8+ Ke7
41. Qe5+ 1-0